000 00401nam a22001337a 4500
003 dpl
005 20240628122520.0
008 240628b |||||||| |||| 00| 0 eng d
022 _a2163-2324
245 _aMigration and Development/
_ced by S. Irudaya Rajan
_hEnglish
260 _aNew Delhi
_bSage Publications India Pvt. Ltd.
_c2023
300 _aVol. 12, Issue 1
_c24cm
942 _2ddc
_cSR
_e2023
_mMIG
_s1
999 _c203820
_d203820